[Event "RUS-chT (Women)"]
[Site "Sochi"]
[Date "2007.05.01"]
[Round "1"]
[White "Pogonina, Natalija"]
[Black "Deriabina, Svetlana"]
[Result "1-0"]
[WhiteElo "2419"]
[BlackElo "2133"]
[PlyCount "119"]
[EventDate "2007.05.01"]
[EventType "team"]
[EventRounds "11"]
[EventCountry "RUS"]
[SourceTitle "CBM 118 Extra"]
[Source "ChessBase"]
[SourceDate "2007.07.04"]
[SourceVersion "1"]
[SourceVersionDate "2007.07.04"]
[SourceQuality "1"]

1. e4 e5 2. Nf3 Nc6 3. Bb5 a6 4. Ba4 Nf6 5. 0-0 Be7 6. Re1 b5 7. Bb3 d6 8. c3 0-0 9. h3 Na5 10. Bc2 c5 11. d4 Nd7 12. Nbd2 cxd4 13. cxd4 Nc6 14. Nb3 a5 15. Be3 a4 16. Nbd2 Bf6 17. Nf1 Nb4 18. Bb1 Bb7 19. a3 Nc6 20. d5 Na5 21. Bd3 Nb3 22. Rb1 Ba6 23. N1d2 Nbc5 24. Bf1 g6 25. Bh6 Bg7 26. Bxg7 Kxg7 27. b4 axb3 28. Nxb3 Qb6 29. Qd2 Rfc8 30. Qb4 Na4 31. Na5 Rc2 32. Re2 Rac8 33. Nc6 Rc5 34. Re3 Re8 35. Nd2 f5 36. Nb3 f4 37. Rf3 Nf6 38. Nxc5 Nxc5 39. Re1 g5 40. a4 h5 41. axb5 Bb7 42. Ra3 Kh6 43. Qa5 Qxa5 44. Nxa5 Bc8 45. f3 g4 46. Nc4 gxf3 47. gxf3 Rg8+ 48. Kh2 Rg3 49. Nxd6 Kg5 50. Rc3 Bxh3 51. Bxh3 Ng4+ 52. Bxg4 hxg4 53. Rxc5 Rxf3 54. Nf5 Rh3+ 55. Kg1 f3 56. Rc2 g3 57. Nxg3 Rxg3+ 58. Kh1 Kf4 59. Rg1 Rh3+ 60. Rh2 1-0

[Event "St Petersburg Rudenko Memorial (Women)"]
[Site "St Petersburg"]
[Date "2006.09.28"]
[Round "3"]
[White "Deriabina, Svetlana"]
[Black "Dolgova, Olga"]
[Result "0-1"]
[WhiteElo "2137"]
[BlackElo "2260"]
[PlyCount "156"]
[EventDate "2006.08.26"]
[EventType "swiss"]
[EventRounds "9"]
[EventCountry "RUS"]
[SourceTitle "CBM 113 Extra"]
[Source "ChessBase"]
[SourceDate "2006.09.14"]
[SourceVersion "1"]
[SourceVersionDate "2006.09.14"]
[SourceQuality "1"]

1. d4 Nf6 2. c4 c5 3. e3 e6 4. Nc3 d5 5. Nf3 Nc6 6. Bd3 dxc4 7. Bxc4 cxd4 8. exd4 Be7 9. 0-0 0-0 10. a3 Qc7 11. Nb5 Qb6 12. Bf4 Nd5 13. Bxd5 Qxb5 14. Bb3 Bf6 15. Rc1 Rd8 16. Be3 Na5 17. Ba4 Qxb2 18. Qd3 Bd7 19. Rb1 Qa2 20. Bc2 g6 21. Bg5 Bxg5 22. Nxg5 Qd5 23. Ne4 Kg7 24. Nc3 Qc4 25. Qe3 Rac8 26. Qe5+ f6 27. Qxa5 Qxc3 28. Qxc3 Rxc3 29. Bb3 Bb5 30. Rfd1 Bd3 31. Rb2 Rxd4 32. Bc2 b6 33. a4 e5 34. Bxd3 Rcxd3 35. Rxd3 Rxd3 36. Kf1 Ra3 37. Rb4 Kf7 38. Ke2 Ke6 39. f4 Kd5 40. fxe5 fxe5 41. h3 Rg3 42. Kf2 Rc3 43. Ke2 Rc4 44. Rb5+ Ke4 45. a5 Rc2+ 46. Kf1 bxa5 47. Rxa5 Rc7 48. Kf2 Rf7+ 49. Ke2 Kf4 50. Kf2 Rd7 51. Ra4+ e4 52. g3+ Ke5 53. Ke3 Rd3+ 54. Kf2 Rf3+ 55. Kg2 Rf7 56. Ra5+ Kd4 57. Ra4+ Kd3 58. Ra3+ Kd2 59. Ra2+ Kc3 60. Ra3+ Kb4 61. Ra6 Re7 62. Kf2 Kb5 63. Ra1 a5 64. Rb1+ Kc4 65. Ra1 e3+ 66. Ke2 Re5 67. g4 Kb3 68. Rb1+ Kc2 69. Rb7 h5 70. gxh5 gxh5 71. Rc7+ Kb3 72. Rb7+ Ka3 73. Rb8 a4 74. Rb7 Re4 75. h4 Rb4 76. Rh7 Kb2 77. Rxh5 a3 78. Rg5 a2 0-1

[Event "St Petersburg Rudenko Memorial (Women)"]
[Site "St Petersburg"]
[Date "2006.09.02"]
[Round "8"]
[White "Tukan, Ekaterina"]
[Black "Deriabina, Svetlana"]
[Result "0-1"]
[WhiteElo "2001"]
[BlackElo "2137"]
[PlyCount "82"]
[EventDate "2006.08.26"]
[EventType "swiss"]
[EventRounds "9"]
[EventCountry "RUS"]
[SourceTitle "CBM 113 Extra"]
[Source "ChessBase"]
[SourceDate "2006.09.14"]
[SourceVersion "1"]
[SourceVersionDate "2006.09.14"]
[SourceQuality "1"]

1. e4 c5 2. Nf3 e6 3. d4 cxd4 4. Nxd4 a6 5. Bd3 Nf6 6. 0-0 Qc7 7. c4 Nc6 8. Nxc6 dxc6 9. Be3 e5 10. Nc3 Be7 11. Rc1 0-0 12. f3 Nd7 13. Kh1 Nc5 14. Bc2 Ne6 15. Qe1 Nd4 16. f4 Be6 17. Bd3 f6 18. f5 Bd7 19. Qg3 Bd6 20. c5 Bxc5 21. b4 Ba7 22. b5 axb5 23. Bh6 Be8 24. Nxb5 Nxb5 25. Bxb5 Kh8 26. Be3 Bf7 27. a3 Qa5 28. Bxa7 Qxa7 29. Bc4 Bxc4 30. Rxc4 Qxa3 31. Qxa3 Rxa3 32. Rb4 b5 33. Rc1 Ra6 34. Kg1 h5 35. Rc3 Rb6 36. Kf2 Rd8 37. Kg3 Rd4 38. Rxd4 exd4 39. Rc5 b4 40. Rc4 b3 41. Rxd4 b2 0-1

[Event "St Petersburg Rudenko Memorial (Women)"]
[Site "St Petersburg"]
[Date "2006.09.01"]
[Round "7"]
[White "Deriabina, Svetlana"]
[Black "Bragina, Anastasia"]
[Result "0-1"]
[WhiteElo "2137"]
[BlackElo "2007"]
[PlyCount "100"]
[EventDate "2006.08.26"]
[EventType "swiss"]
[EventRounds "9"]
[EventCountry "RUS"]
[SourceTitle "CBM 113 Extra"]
[Source "ChessBase"]
[SourceDate "2006.09.14"]
[SourceVersion "1"]
[SourceVersionDate "2006.09.14"]
[SourceQuality "1"]

1. d4 d5 2. c4 e6 3. Nc3 Nf6 4. Bg5 c6 5. e3 Nbd7 6. cxd5 exd5 7. Bd3 Be7 8. Qc2 h6 9. Bh4 Nh5 10. Bxe7 Qxe7 11. Nge2 Nf8 12. a3 Nf6 13. b4 a6 14. 0-0 Ne6 15. f3 Ng5 16. Qd2 0-0 17. Ng3 Re8 18. Rae1 a5 19. h4 axb4 20. axb4 Ne6 21. b5 Qc7 22. Nf5 Bd7 23. e4 Nf4 24. b6 Qb8 25. e5 Nxd3 26. Qxd3 Bxf5 27. Qxf5 Nh7 28. f4 Qd8 29. Qg4 Ra3 30. Rf3 Qxb6 31. f5 h5 32. Qf4 Qb4 33. Ree3 c5 34. e6 Qxd4 35. exf7+ Kxf7 36. Qc7+ Kg8 37. Nb5 Qd1+ 38. Rf1 Qxf1+ 39. Kxf1 Raxe3 40. Qxc5 Re1+ 41. Kf2 Nf6 42. Nd6 R1e2+ 43. Kf1 R8e3 44. Qb4 Ng4 45. Nxb7 Rf2+ 46. Kg1 Ree2 47. Nc5 Rxg2+ 48. Kh1 Rh2+ 49. Kg1 Reg2+ 50. Kf1 Ne3+ 0-1

[Event "RUS-chT (Women) 7th"]
[Site "Sochi"]
[Date "2006.04.30"]
[Round "11"]
[White "Kursova, Maria"]
[Black "Deriabina, Svetlana"]
[Result "1/2-1/2"]
[WhiteElo "2333"]
[BlackElo "2101"]
[PlyCount "37"]
[EventDate "2006.04.20"]
[EventType "team"]
[EventRounds "11"]
[EventCountry "RUS"]
[SourceTitle "EXT 2007"]
[Source "ChessBase"]
[SourceDate "2006.11.23"]
[SourceVersion "1"]
[SourceVersionDate "2006.11.23"]
[SourceQuality "1"]

1. d4 d5 2. c4 dxc4 3. Nc3 Nf6 4. e3 a6 5. a4 e6 6. Bxc4 c5 7. Nf3 Nc6 8. 0-0 cxd4 9. exd4 Be7 10. Re1 0-0 11. Bg5 b6 12. Re2 Bb7 13. Rd2 Nd5 14. h4 Ncb4 15. a5 b5 16. Bb3 h6 17. Bxe7 Nxe7 18. h5 Rc8 19. Ne5 1/2-1/2

[Event "RUS-chT (Women) 7th"]
[Site "Sochi"]
[Date "2006.04.27"]
[Round "8"]
[White "Deriabina, Svetlana"]
[Black "Shumiakina, Tatiana"]
[Result "0-1"]
[WhiteElo "2101"]
[BlackElo "2341"]
[PlyCount "54"]
[EventDate "2006.04.20"]
[EventType "team"]
[EventRounds "11"]
[EventCountry "RUS"]
[SourceTitle "CBM 111 Extra"]
[Source "ChessBase"]
[SourceDate "2006.05.09"]
[SourceVersion "1"]
[SourceVersionDate "2006.05.09"]
[SourceQuality "1"]

1. d4 Nf6 2. c4 e6 3. Nc3 Bb4 4. e3 0-0 5. Bd3 d5 6. Nge2 dxc4 7. Bxc4 e5 8. 0-0 Nc6 9. a3 Bd6 10. Nb5 Be7 11. d5 Nb8 12. b4 a6 13. Nbc3 b5 14. Ba2 Bd6 15. e4 Nbd7 16. Bg5 h6 17. Bh4 Re8 18. f3 Nf8 19. Qd2 Nxe4 20. fxe4 Qxh4 21. Ng3 Nh7 22. Rae1 Nf6 23. Nf5 Bxf5 24. Rxf5 a5 25. Re3 axb4 26. axb4 Bxb4 27. Bb1 Bc5 0-1

[Event "RUS-chT (Women) 7th"]
[Site "Sochi"]
[Date "2006.04.24"]
[Round "5"]
[White "Deriabina, Svetlana"]
[Black "Gromova, Iulia"]
[Result "1/2-1/2"]
[WhiteElo "2101"]
[BlackElo "2195"]
[PlyCount "62"]
[EventDate "2006.04.20"]
[EventType "team"]
[EventRounds "11"]
[EventCountry "RUS"]
[SourceTitle "CBM 111 Extra"]
[Source "ChessBase"]
[SourceDate "2006.05.09"]
[SourceVersion "1"]
[SourceVersionDate "2006.05.09"]
[SourceQuality "1"]

1. d4 Nf6 2. c4 g6 3. Nc3 Bg7 4. e4 d6 5. f3 0-0 6. Be3 c5 7. d5 e6 8. Qd2 exd5 9. cxd5 Na6 10. Nge2 Nc7 11. Ng3 a6 12. a4 Rb8 13. Be2 b5 14. axb5 Nxb5 15. Nxb5 axb5 16. 0-0 Ne8 17. Kh1 h5 18. Bd3 c4 19. Bb1 Qf6 20. Rf2 b4 21. Qc2 c3 22. Ne2 cxb2 23. Ra7 Qd8 24. Bd4 Bd7 25. Qxb2 h4 26. f4 Bb5 27. Bxg7 Nxg7 28. Nd4 Qb6 29. Re7 Qd8 30. Ra7 Qb6 31. Re7 Qd8 1/2-1/2

[Event "St Petersburg Rudenko Memorial (Women)"]
[Site "St Petersburg"]
[Date "2005.08.24"]
[Round "5"]
[White "Deriabina, Svetlana"]
[Black "Pogonina, Natalija"]
[Result "0-1"]
[WhiteElo "2096"]
[BlackElo "2413"]
[PlyCount "60"]
[EventDate "2005.08.20"]
[EventType "swiss"]
[EventRounds "9"]
[EventCountry "RUS"]
[SourceTitle "CBM 107 Extra"]
[Source "ChessBase"]
[SourceDate "2005.09.01"]
[SourceVersion "1"]
[SourceVersionDate "2005.09.01"]
[SourceQuality "1"]

1. d4 Nf6 2. Nf3 c5 3. c3 b6 4. Bf4 Bb7 5. h3 g6 6. e3 Bg7 7. Nbd2 0-0 8. Be2 d6 9. 0-0 Nbd7 10. Re1 Re8 11. Nc4 Qc7 12. a4 a6 13. Nfd2 Rad8 14. Bf3 Bxf3 15. Qxf3 e5 16. dxe5 dxe5 17. Bh2 b5 18. axb5 axb5 19. Na5 Nb6 20. Qe2 c4 21. b3 Rc8 22. bxc4 bxc4 23. e4 Bh6 24. Nf3 Nfd7 25. Reb1 Bf8 26. Rb5 Ra8 27. Rab1 Na4 28. Rb7 Qc5 29. Qxc4 Rxa5 30. Qb4 Nxc3 0-1